| 000 | 01217nam a22003134a 4500 | ||
|---|---|---|---|
| 001 | ebr10263863 | ||
| 003 | CaPaEBR | ||
| 006 | m u | ||
| 007 | cr cn||||||||| | ||
| 008 | 080419s2008 enk sd 000 0 eng | ||
| 010 | _z 2008371345 | ||
| 020 | _z9781854184207 | ||
| 020 | _z1854184202 | ||
| 020 | _z9781854184153 (pbk.) | ||
| 020 | _z1854184156 (pbk.) | ||
| 040 |
_aCaPaEBR _cCaPaEBR |
||
| 035 | _a(OCoLC)646780634 | ||
| 043 | _ae-uk--- | ||
| 050 | 1 | 4 |
_aGE190.G7 _bS77 2008eb |
| 100 | 1 | _aStranks, Jeremy W. | |
| 245 | 1 | 0 |
_aA-Z of the environment _h[electronic resource] : _bcovering the scientific, economic, and legal issues facing all types of organisation / _cJeremy Stranks. |
| 260 |
_aLondon : _bThorogood Pub., _cc2008. |
||
| 300 | _axxiii, 480 p. | ||
| 533 |
_aElectronic reproduction. _bPalo Alto, Calif. : _cebrary, _d2013. _nAvailable via World Wide Web. _nAccess may be limited to ebrary affiliated libraries. |
||
| 650 | 0 |
_aEnvironmental policy _zGreat Britain _vDictionaries. |
|
| 655 | 7 |
_aElectronic books. _2local |
|
| 710 | 2 | _aebrary, Inc. | |
| 856 | 4 | 0 |
_uhttp://site.ebrary.com/lib/rucke/Doc?id=10263863 _zAn electronic book accessible through the World Wide Web; click to view |
| 999 |
_c27685 _d27685 |
||